000 00595cam a22002053a 4500
001 44402
003 PGUSA
005 20140828084020.0
008 131210s2013||||xxu|||||s|||||000 | eng d
040 _aPGUSA
_beng
042 _adc
100 1 _aWeber, Johannes
245 1 0 _aLes Illusions Musicales et la Vérité sur l'Expression
_h[electronic resource] /
_cJohannes Weber
260 _bProject Gutenberg,
_c2013
506 _aPublic domain in the USA.
516 _aElectronic text
830 0 _aProject Gutenberg
_v44402
856 4 0 _uhttp://www.gutenberg.org/ebooks/44402
942 _cEB
999 _c273653
_d273653